Kraje z klubem w Lidze Europy 2025/26 - Statystyki

Ogólne statystyki
  • Ten quiz został rozwiązany 327 razy
  • Średni wynik to 8 z 21
Answers on the Grid
Answers color-coded by a green-red scale on the quiz's grid according to % correct below.
Anglia
Hiszpania
Polska
Włochy
Niemcy
Francja
Ukraina
Holandia
Portugalia
Słowacja
Finlandia
Chorwacja
Szwecja
Kazachstan
Grecja
Dania
Azerbejdżan
Norwegia
Białoruś
Irlandia
Węgry
Słowenia
Serbia
Austria
Kosowo
Czechy
Cypr
Szkocja
Islandia
Turcja
Łotwa
Mołdawia
Armenia
Szwajcaria
Albania
Litwa
Bośnia i Hercegowina
Rumunia
Bułgaria
Macedonia Północna
 
Statystyki odpowiedzi
Odpowiedź % Poprawnych
Anglia
96%
Hiszpania
93%
Włochy
77%
Niemcy
73%
Francja
68%
Holandia
55%
Portugalia
52%
Dania
29%
Chorwacja
28%
Czechy
28%
Norwegia
26%
Turcja
26%
Austria
24%
Grecja
23%
Szwecja
21%
Szkocja
20%
Szwajcaria
18%
Węgry
17%
Serbia
16%
Rumunia
15%
Bułgaria
10%
Nie znaleziono quizów pasujących do podanych kryteriów
Rozkład punktacji
Procent ludzi z każdym wynikiem
Percentyl według liczby udzielonych odpowiedzi
Twoja historia wyników
Nie rozwiązałeś tego quizu